000 00683nam a2200241Ia 4500
003 OSt
005 20220923223836.0
006 a|||||r|||| 00| 0
007 ta
008 220922b |||||||| |||| 00| 0 hin d
024 _a222,132
037 _cTextual
040 _aARTS
_cARTS
_bhin
041 _2hin
_ahin
082 _aO152,1N17x, P3
100 _aदेवराज
245 0 _aइतिहास पुरूष
246 _aItihās purūṣha
260 _aदिल्ली
_b भारतीय ज्ञानपीठ
_c2003
300 _a83 i`B
_ccm.
942 _hO152,1N17x, P3
_cTEXL
_2CC
999 _c367641
_d367641